00498 2200145 4500001002100000008004100021035002000062245004900082100004700131260004400178300001700222082001000239650009000249990001300339INLIS000000000001684 ind  a0010-0423001684 aMULA BUKANE KESENIAN JARAN RENGGONG SUMEDANG aS. HADI, SRI SUNARSIH, LAN MARTHA SADIYATI aSURAKARTAb. PUSTAKA INSAN MADANIc2012 a84 hlm.ccm. a398.2 aFOLK LITERATURE, FAIRY TALES, MYTH, MYTHOLOGY/CERITA RAKYAT, DONGENG, MITOS, MITOLOGI a102082-1